LEADER 02347nam0 2200529 i 450 001 VAN0124795 005 20230630085426.552 017 70$2N$a9783319915784 100 $a20191025d2018 |0itac50 ba 101 $aeng 102 $aCH 105 $a|||| ||||| 200 1 $aLectures on Convex Optimization$fYurii Nesterov 205 $a2. ed 210 $aCham$cSpringer$d2018 215 $axiii, 589 p.$d24 cm 410 1$1001VAN0067197$12001 $aSpringer optimization and its applications$1210 $aBerlin [etc.]$cSpringer$d2006-$v137 500 1$3VAN0236340$aLectures on Convex Optimization$91563639 606 $a49Mxx$xNumerical methods in optimal control [MSC 2020]$3VANC031384$2MF 606 $a49N15$xDuality theory (optimization) [MSC 2020]$3VANC021538$2MF 606 $a65Kxx$xNumerical methods for mathematical programming, optimization and variational techniques [MSC 2020]$3VANC022719$2MF 606 $a90Cxx$xMathematical programming [MSC 2020]$3VANC020086$2MF 610 $aAlgorithm analysis and problem complexity$9KW:K 610 $aComplexity$9KW:K 610 $aComplexity theory$9KW:K 610 $aCubic Regularization of Newton Method$9KW:K 610 $aFast Gradient Methods$9KW:K 610 $aGraphs$9KW:K 610 $aInterior point methods$9KW:K 610 $aMathematical programming$9KW:K 610 $aOptimization$9KW:K 610 $aOptimization in Relative Scale$9KW:K 610 $aSelf-Concordant Functions$9KW:K 610 $aSmoothing Technique$9KW:K 620 $aCH$dCham$3VANL001889 700 1$aNesterov$bYurii E.$3VANV049456$0725352 712 $aSpringer $3VANV108073$4650 790 1$aNesterov, Y. E.$zNesterov, Yurii E.$3VANV232378 790 1$aNesterov, Y.E.$zNesterov, Yurii E.$3VANV232379 801 $aIT$bSOL$c20240726$gRICA 856 4 $uhttp://doi.org/10.1007/978-3-319-91578-4$zE-book ? Accesso al full-text attraverso riconoscimento IP di Ateneo, proxy e/o Shibboleth 899 $aBIBLIOTECA DEL DIPARTIMENTO DI MATEMATICA E FISICA$1IT-CE0120$2VAN08 912 $fN 912 $aVAN0124795 950 $aBIBLIOTECA DEL DIPARTIMENTO DI MATEMATICA E FISICA$d08CONS e-book 1217 $e08eMF1217 20191025 996 $aLectures on Convex Optimization$91563639 997 $aUNICAMPANIA LEADER 01491nam0 2200325 i 450 001 VAN00003928 005 20240806100221.809 010 $a88-15-05673-4 100 $a20020717d1996 |0itac50 ba 101 $aita 102 $aIT 105 $a|||| ||||| 200 1 $aˆL'‰intervento pubblico e l'efficienza possibile$estrumenti di analisi e politiche economiche per una burocrazia più efficiente$fDaniele Fabbri, Roberto Fazioli, Massimo Filippini 210 $aBologna$cIl mulino$d[1996] 215 $a295 p.$cill.$d22 cm. 606 $aAmministrazione pubblica$xOrganizzazione$3VANC000796$2FI 620 $dBologna$3VANL000003 676 $a350.0073$v21 700 1$aFabbri$bDaniele$3VANV003671$0118118 701 1$aFazioli$bRoberto$3VANV003673$0118750 701 1$aFilippini$bMassimo$3VANV003672$0118751 712 $aIl Mulino $3VANV107886$4650 801 $aIT$bSOL$c20260320$gRICA 899 $aBIBLIOTECA DEL DIPARTIMENTO DI ECONOMIA$1IT-CE0106$2VAN03 899 $aBIBLIOTECA DEL DIPARTIMENTO DI GIURISPRUDENZA$1IT-CE0105$2VAN00 912 $aVAN00003928 950 $aBIBLIOTECA DEL DIPARTIMENTO DI GIURISPRUDENZA$d00CONS XX.Cn.16 $e00 11150 20020717 950 $aBIBLIOTECA DEL DIPARTIMENTO DI ECONOMIA$d03PREST IIIGb1 $e03 6660 20041011 996 $aIntervento pubblico e l'efficienza possibile$91128017 997 $aUNICAMPANIA